[Event "?"]
[Site "?"]
[Date "2017.07.25"]
[Round "4.4"]
[White "Croisille, Shanti"]
[Black "Ng, Thomas"]
[Result "1-0"]
[WhiteElo "1462"]
[BlackElo "1357"]
[PlyCount "73"]
[EventDate "2017.07.28"]
[SourceDate "2017.07.28"]
[WhiteTeam "FRA"]
[BlackTeam "ENG B"]

1. e4 e6 2. d4 d5 3. exd5 exd5 4. Bd3 Bd6 5. Nf3 Nc6 6. c3 Nge7 7. h3 Be6 8.
O-O Qd7 9. Ng5 f6 10. Nxe6 Qxe6 11. Re1 Qd7 12. Nd2 O-O-O 13. b4 Rdg8 14. a4 g5
15. b5 Nd8 16. Qh5 Ne6 17. Nf3 Nf4 18. Bxf4 Bxf4 19. Qf7 Bd6 20. Qxf6 g4 21.
Ne5 Bxe5 22. Rxe5 gxh3 23. Rxe7 Rxg2+ 24. Kf1 Qd8 25. Bf5+ Kb8 26. Bxh3 Rh2 27.
Bg2 a6 28. Qe5 Rf8 29. Qxh2 Qxe7 30. Bxd5 Qg5 31. Be4 Qd2 32. bxa6 bxa6 33.
Rb1+ Kc8 34. Qh3+ Kd8 35. Rb8+ Ke7 36. Qxh7+ Ke6 37. Rxf8 1-0

[Event "?"]
[Site "?"]
[Date "2017.07.26"]
[Round "5.1"]
[White "Ratnesan, Ranesh"]
[Black "Dwyer, Daniel"]
[Result "1-0"]
[WhiteElo "1845"]
[BlackElo "1720"]
[PlyCount "83"]
[EventDate "2017.07.28"]
[SourceDate "2017.07.28"]
[WhiteTeam "ENG A"]
[BlackTeam "IRL"]

1. d4 Nf6 2. c4 d6 3. Nf3 Nbd7 4. Nc3 e5 5. Qc2 Be7 6. g3 O-O 7. Bg2 c6 8. O-O
b6 9. Rd1 Qc7 10. Bd2 Bb7 11. Rac1 Rac8 12. e4 a6 13. Qb1 Qb8 14. d5 b5 15. b3
cxd5 16. cxd5 Rc7 17. Ne2 Rfc8 18. Ne1 Bd8 19. h3 Rxc1 20. Rxc1 Bb6 21. b4 Ba7
22. Qd3 Nb6 23. Be3 Nc4 24. Bxa7 Qxa7 25. Nf3 Nd7 26. Nc3 Ndb6 27. Nb1 a5 28.
a3 axb4 29. axb4 Qa4 30. Qc3 f5 31. Ng5 h6 32. Ne6 fxe4 33. Bxe4 Bxd5 34. Bxd5
Nxd5 35. Qf3 Ne7 36. Qb7 Kf7 37. Nc7 Qxb4 38. Nd5 Qb2 39. Qxe7+ Kg6 40. Qe6+
Kh7 41. Qf5+ g6 42. Qd7+ 1-0

[Event "?"]
[Site "?"]
[Date "2017.07.26"]
[Round "5.2"]
[White "Menon, Sanjay"]
[Black "Yoon, Jacob D"]
[Result "0-1"]
[WhiteElo "1499"]
[BlackElo "1874"]
[PlyCount "58"]
[EventDate "2017.07.28"]
[SourceDate "2017.07.28"]
[WhiteTeam "IRL"]
[BlackTeam "ENG A"]

1. e4 c5 2. Nf3 e6 3. d4 cxd4 4. Nxd4 a6 5. c4 Nf6 6. Nc3 Bb4 7. f3 Nc6 8. a3
Bxc3+ 9. bxc3 Qc7 10. Be2 d6 11. Nb3 h6 12. Be3 O-O 13. O-O Rd8 14. Qc2 Ne5 15.
c5 d5 16. exd5 Nxd5 17. Bd4 Nc6 18. g3 Nxd4 19. cxd4 Ne3 20. Qe4 Nxf1 21. Rxf1
Bd7 22. Bd3 g6 23. Kf2 Bc6 24. Qh4 Kg7 25. Re1 Qd7 26. Ke3 Qd5 27. Nd2 e5 28.
Bc4 exd4+ 29. Kd3 Qf5+ 0-1

[Event "?"]
[Site "?"]
[Date "2017.07.26"]
[Round "5.3"]
[White "See, Tristian"]
[Black "Kirby, Con"]
[Result "1-0"]
[WhiteElo "1531"]
[BlackElo "1228"]
[PlyCount "99"]
[EventDate "2017.07.28"]
[SourceDate "2017.07.28"]
[WhiteTeam "ENG A"]
[BlackTeam "IRL"]

1. e4 e5 2. Nf3 Nc6 3. Bc4 Bc5 4. c3 Nf6 5. d4 exd4 6. cxd4 Bb4+ 7. Bd2 Nxe4 8.
Bxb4 Nxb4 9. Bxf7+ Kxf7 10. Qb3+ Ke8 11. Qxb4 Qe7 12. Qxe7+ Kxe7 13. O-O d5 14.
Re1 Kf6 15. Nc3 Nxc3 16. bxc3 Bf5 17. Re5 Be4 18. Nd2 Rhe8 19. Nxe4+ dxe4 20.
Rc5 Re7 21. Kf1 b6 22. Rh5 Kg6 23. Rh3 Rc8 24. Re3 c5 25. Rae1 cxd4 26. cxd4
Rc4 27. Rxe4 Rxe4 28. Rxe4 Rc1+ 29. Re1 Rc2 30. a3 Rc3 31. Re3 Rc4 32. Rd3 Kf5
33. Ke2 Ke4 34. f3+ Kd5 35. Re3 Kxd4 36. Re7 Ra4 37. Re4+ Kc3 38. Rxa4 a5 39.
Rg4 Kb3 40. Rxg7 Kxa3 41. f4 b5 42. f5 b4 43. f6 b3 44. f7 Ka2 45. f8=Q b2 46.
Qc5 a4 47. Qc2 a3 48. Rd7 h5 49. Rd1 h4 50. Qc4# 1-0

[Event "?"]
[Site "?"]
[Date "2017.07.26"]
[Round "5.4"]
[White "Jordan, Felix"]
[Black "Metcalfe, Charlie P"]
[Result "1-0"]
[WhiteElo "1472"]
[BlackElo "1713"]
[PlyCount "89"]
[EventDate "2017.07.28"]
[SourceDate "2017.07.28"]
[WhiteTeam "IRL"]
[BlackTeam "ENG A"]

1. e4 e6 2. d4 d5 3. exd5 exd5 4. c4 c6 5. Nc3 Nf6 6. Nf3 Bd6 7. cxd5 Nxd5 8.
Nxd5 cxd5 9. Bd3 Nd7 10. O-O O-O 11. Qc2 h6 12. b3 Nf6 13. h3 Re8 14. Bb2 Ne4
15. Nd2 Qh4 16. Nf3 Qh5 17. Ne5 f6 18. Be2 Qf5 19. Bg4 Qh7 20. Bh5 Bf5 21. Bxe8
fxe5 22. dxe5 Bxe5 23. Bxe5 Ng3 24. Bf7+ Kxf7 25. Qc7+ Kg8 26. Bxg3 g5 27.
Qxh7+ Kxh7 28. Rad1 Rd8 29. Rfe1 Bc2 30. Rd2 Be4 31. Rxe4 dxe4 32. Rxd8 g4 33.
hxg4 h5 34. gxh5 a5 35. Re8 e3 36. fxe3 b5 37. Rf8 a4 38. b4 a3 39. e4 Kh6 40.
e5 Kg7 41. Rf2 Kh7 42. e6 Kh6 43. e7 Kg5 44. e8=Q Kh6 45. Rf6+ 1-0

[Event "?"]
[Site "?"]
[Date "2017.07.26"]
[Round "5.5"]
[White "Gilmore, Samuel"]
[Black "Scallan, Cillian"]
[Result "1-0"]
[WhiteElo "1427"]
[BlackElo "1181"]
[PlyCount "91"]
[EventDate "2017.07.28"]
[SourceDate "2017.07.28"]
[WhiteTeam "ENG A"]
[BlackTeam "IRL"]

1. d4 d5 2. Nf3 e6 3. g3 Nf6 4. Bg2 c5 5. c3 Nbd7 6. O-O b6 7. b3 Bd6 8. Bb2
O-O 9. Nbd2 Bb7 10. Qc2 Rc8 11. Rac1 cxd4 12. Nxd4 e5 13. Nf5 Nc5 14. Nxd6 Qxd6
15. Qb1 a5 16. Qa1 Rc7 17. Rfd1 Ba6 18. c4 d4 19. Nf3 b5 20. e3 Ne6 21. exd4 e4
22. Nd2 bxc4 23. bxc4 Qb4 24. Nxe4 Nxe4 25. Bxe4 Rb8 26. a3 Qxb2 27. Rb1 Qe2
28. Rxb8+ Nf8 29. Bxh7+ Kxh7 30. Rxf8 Bxc4 31. Qb1+ Bd3 32. Qxd3+ Qxd3 33. Rxd3
Kg6 34. d5 Rd7 35. Ra8 Kf5 36. Rxa5 Rd6 37. Rb5 Ke5 38. Rf3 f5 39. a4 Ra6 40.
a5 g5 41. h3 g4 42. hxg4 fxg4 43. Rf4 Rd6 44. Rxg4 Ra6 45. Rg5+ Kf6 46. Rb6+
1-0

[Event "?"]
[Site "?"]
[Date "2017.07.26"]
[Round "5.1"]
[White "Sibbald, Connor"]
[Black "Brass, Ezra"]
[Result "0-1"]
[WhiteElo "1399"]
[BlackElo "1576"]
[PlyCount "104"]
[EventDate "2017.07.28"]
[SourceDate "2017.07.28"]
[WhiteTeam "SCO"]
[BlackTeam "ENG B"]

1. d4 Nf6 2. c4 e6 3. Nc3 Bb4 4. e3 b6 5. Nge2 Bb7 6. a3 Bxc3+ 7. Nxc3 O-O 8.
f3 d5 9. cxd5 exd5 10. Bd3 Re8 11. O-O a6 12. Qc2 h5 13. Rd1 h4 14. Qf2 h3 15.
gxh3 c5 16. Qg2 Nc6 17. dxc5 bxc5 18. Kf2 Ne5 19. Be2 Qb6 20. Rg1 g6 21. Na4
Qc6 22. b3 d4 23. e4 d3 24. Bd1 d2 25. Bxd2 Rad8 26. Bc3 Nd3+ 27. Kf1 Nf4 28.
Qb2 Nxe4 29. fxe4 Qxe4 30. Nxc5 Rxd1+ 31. Rxd1 Qf3+ 32. Qf2 Qxd1+ 33. Be1 Nxh3
34. Qd2 Qf3+ 35. Bf2 Nxf2 36. Rg3 Ne4+ 37. Rxf3 Nxd2+ 38. Kf2 Bxf3 39. Nxa6 Bd1
40. b4 Nc4 41. Nc7 Re2+ 42. Kg3 Nxa3 43. b5 Rb2 44. h4 Nxb5 45. Nd5 Rb3+ 46.
Kf4 Rf3+ 47. Kg5 Kg7 48. Ne7 Nc3 49. h5 f6+ 50. Kh4 g5+ 51. Kg4 Re3+ 52. Kf5
Re5# 0-1

[Event "?"]
[Site "?"]
[Date "2017.07.26"]
[Round "5.2"]
[White "Saidmurodov, Shahjahon"]
[Black "Hartman, James"]
[Result "1-0"]
[WhiteElo "1505"]
[BlackElo "1287"]
[PlyCount "141"]
[EventDate "2017.07.28"]
[SourceDate "2017.07.28"]
[WhiteTeam "ENG B"]
[BlackTeam "SCO"]

1. e3 d5 2. d4 c5 3. c3 Nc6 4. Nf3 a6 5. Bd3 Nf6 6. Nbd2 e6 7. O-O Bd6 8. Re1
cxd4 9. exd4 O-O 10. Ne5 Qc7 11. Qe2 b5 12. Ndf3 Bd7 13. Bg5 Be7 14. Nxc6 Bxc6
15. Ne5 h6 16. Bh4 Bb7 17. Bg3 Qd8 18. Bh4 Rc8 19. Ng6 Re8 20. Nxe7+ Qxe7 21.
Qe5 Nd7 22. Bxe7 Nxe5 23. Rxe5 Rxe7 24. Rae1 Bc6 25. f4 Ree8 26. f5 Bd7 27. Kf2
exf5 28. Rxe8+ Rxe8 29. Rxe8+ Bxe8 30. Bxf5 Bc6 31. b3 a5 32. Bd3 b4 33. c4 Kf8
34. Ke3 Ke7 35. c5 a4 36. bxa4 Bxa4 37. Kf4 f6 38. Bh7 Kf7 39. Bd3 Bc6 40. Ke3
Ke6 41. Kd2 Kd7 42. Kc2 Ba4+ 43. Kb2 Kc6 44. Bc2 Bb5 45. Kb3 Bc4+ 46. Kxb4 Bxa2
47. Bd3 g5 48. Ka3 Bc4 49. Bxc4 dxc4 50. Kb4 Kd5 51. c6 Kxc6 52. Kxc4 f5 53.
d5+ Kd6 54. Kd4 f4 55. Ke4 Ke7 56. Kf5 Kd6 57. Ke4 Ke7 58. h3 Kd6 59. Kd4 Kd7
60. Ke5 Ke7 61. Kf5 Kd6 62. Kg6 Kxd5 63. Kxh6 g4 64. hxg4 Ke6 65. g5 Kf7 66.
g6+ Kf8 67. Kh7 Ke7 68. g7 Ke6 69. g8=Q+ Kf5 70. g4+ fxg3 71. Qxg3 1-0

[Event "?"]
[Site "?"]
[Date "2017.07.26"]
[Round "5.3"]
[White "Connolly Sams, Dietah"]
[Black "Lesliel, Alex"]
[Result "0-1"]
[WhiteElo "1565"]
[BlackElo "1485"]
[PlyCount "82"]
[EventDate "2017.07.28"]
[SourceDate "2017.07.28"]
[WhiteTeam "SCO"]
[BlackTeam "ENG B"]

1. d4 Nf6 2. Nf3 e6 3. c4 b6 4. Nc3 Bb4 5. Bd2 O-O 6. e3 Bb7 7. Be2 d6 8. O-O
Nbd7 9. Qc2 Bxc3 10. Bxc3 Ne4 11. Rac1 f5 12. Nd2 Ndf6 13. Nxe4 Nxe4 14. Bf3
Rb8 15. Rfe1 Qg5 16. Qe2 Rf6 17. g3 Rbf8 18. Kf1 Rh6 19. h4 Qe7 20. Red1 a5 21.
Rd3 Ba6 22. b3 d5 23. Rdd1 g5 24. Bxe4 fxe4 25. Qg4 Rg6 26. h5 Rg7 27. Be1 Qf6
28. Rd2 Rff7 29. Kg1 Bc8 30. cxd5 Qf3 31. Qxf3 exf3 32. dxe6 Bxe6 33. Rdc2 g4
34. Bd2 Bd5 35. Rc3 c6 36. Re1 Be4 37. Kf1 Rf5 38. a4 Rxh5 39. Kg1 Rg6 40. d5
Rgh6 41. Rxc6 Rh1# 0-1

[Event "?"]
[Site "?"]
[Date "2017.07.26"]
[Round "5.1"]
[White "Meillon, Judicael"]
[Black "Sivarajasingam, Venetia"]
[Result "1/2-1/2"]
[WhiteElo "1931"]
[BlackElo "1710"]
[PlyCount "114"]
[EventDate "2017.07.28"]
[SourceDate "2017.07.28"]
[WhiteTeam "FRA"]
[BlackTeam "WLS"]

1. g3 d5 2. Bg2 Nf6 3. d3 Bf5 4. Nf3 e6 5. c3 c5 6. Nbd2 Nc6 7. O-O Bd6 8. Re1
Qc7 9. e4 dxe4 10. dxe4 Bg4 11. Qa4 O-O 12. Nc4 Bxf3 13. Bxf3 Ne5 14. Nxe5 Bxe5
15. Bg2 Bd6 16. Bg5 Nd7 17. Rad1 Nb6 18. Qc2 f6 19. Be3 Rfe8 20. f4 Nc4 21. Qd3
Nxe3 22. Rxe3 Rad8 23. Qc2 c4 24. Kh1 Re7 25. Re2 Red7 26. Red2 Bc5 27. Rxd7
Rxd7 28. Qa4 Rxd1+ 29. Qxd1 b5 30. b3 Bb6 31. h4 h6 32. Qg4 Qd7 33. bxc4 bxc4
34. Bh3 Kh8 35. Qe2 Qc6 36. Bg2 Qc5 37. Kh2 Qg1+ 38. Kh3 Qc5 39. Bf1 f5 40.
Qxc4 Qxc4 41. Bxc4 fxe4 42. Kg4 Ba5 43. Bxe6 Bxc3 44. Kf5 e3 45. Bc4 Bd4 46. g4
Kh7 47. Ke6 g5 48. hxg5 hxg5 49. Bd3+ Kg7 50. fxg5 Bb6 51. a4 a5 52. Kd5 Bd8
53. g6 Bb6 54. Kc6 Bd8 55. Kc5 Bc7 56. g5 Bd8 57. Kb5 Bc7 1/2-1/2

[Event "?"]
[Site "?"]
[Date "2017.07.26"]
[Round "5.2"]
[White "Ray, Hiya"]
[Black "Verhille, Elie"]
[Result "0-1"]
[WhiteElo "1523"]
[BlackElo "1754"]
[PlyCount "52"]
[EventDate "2017.07.28"]
[SourceDate "2017.07.28"]
[WhiteTeam "WLS"]
[BlackTeam "FRA"]

1. d4 e6 2. c4 f5 3. Nf3 Nf6 4. Nc3 b6 5. g3 Bb7 6. Bg2 Bb4 7. Qb3 Nc6 8. O-O
Bxc3 9. Qxc3 O-O 10. Bg5 Ne7 11. Qb3 Ne4 12. Bf4 Ng6 13. Rfd1 d6 14. Rac1 Qe7
15. Rc2 Kh8 16. Qa3 a5 17. Rdc1 c5 18. d5 Nxf4 19. gxf4 exd5 20. Qb3 dxc4 21.
Qxb6 Rfb8 22. Qb5 Nxf2 23. Qxc4 Qe3 24. Kf1 Ne4 25. Ke1 Qf2+ 26. Kd1 Qxg2 0-1

[Event "?"]
[Site "?"]
[Date "2017.07.26"]
[Round "5.3"]
[White "Kien, Clovis"]
[Black "Chung, Ethan Cheung Jing"]
[Result "0-1"]
[WhiteElo "1501"]
[BlackElo "1348"]
[PlyCount "68"]
[EventDate "2017.07.28"]
[SourceDate "2017.07.28"]
[WhiteTeam "FRA"]
[BlackTeam "WLS"]

1. e4 e6 2. d4 d5 3. Nd2 Nd7 4. Ngf3 dxe4 5. Nxe4 Ngf6 6. Bd3 Nxe4 7. Bxe4 Nf6
8. Bd3 c5 9. c3 b6 10. O-O a6 11. a4 Bb7 12. Bg5 cxd4 13. Nxd4 Qd5 14. Qf3 Rd8
15. Rad1 h6 16. Bxf6 gxf6 17. Rfe1 Qxf3 18. Nxf3 Rg8 19. Be4 Rxd1 20. Bxb7
Rxe1+ 21. Nxe1 a5 22. Nc2 Kd7 23. g3 Rg4 24. Ba6 Bc5 25. h4 Rxg3+ 26. Kh2 Rf3
27. Kh1 Rxf2 28. Bd3 Rd2 29. Bh7 f5 30. Bg8 Ke7 31. b4 axb4 32. cxb4 Rxc2 33.
a5 Bxb4 34. a6 Ra2 0-1

[Event "?"]
[Site "?"]
[Date "2017.07.26"]
[Round "5.4"]
[White "Smith, Madeleine"]
[Black "Croisille, Shanti"]
[Result "1-0"]
[WhiteElo "1020"]
[BlackElo "1462"]
[PlyCount "121"]
[EventDate "2017.07.28"]
[SourceDate "2017.07.28"]
[WhiteTeam "WLS"]
[BlackTeam "FRA"]

1. e4 c5 2. c3 Nf6 3. e5 Nd5 4. d4 cxd4 5. Nf3 e6 6. cxd4 d6 7. Bc4 Nc6 8. O-O
Bd7 9. Bxd5 exd5 10. Nc3 Be6 11. Bf4 Be7 12. exd6 Bxd6 13. Bg5 Be7 14. Bxe7
Qxe7 15. Re1 Qd7 16. Ng5 O-O 17. Qd3 Bf5 18. Qd2 h6 19. Nf3 Rad8 20. Rad1 Na5
21. Ne5 Qc7 22. Rc1 Nc4 23. Nxc4 Qxc4 24. Re5 Be6 25. Nxd5 Qxa2 26. Ne7+ Kh8
27. Ra5 Qb3 28. Rxa7 Rfe8 29. Rc7 Rd7 30. Rxd7 Bxd7 31. Ra3 Qe6 32. Re3 Qd6 33.
Nf5 Qg6 34. Rxe8+ Bxe8 35. Qf4 Bd7 36. g4 h5 37. h3 hxg4 38. hxg4 Bxf5 39. Qxf5
Qxf5 40. gxf5 Kg8 41. Kg2 Kf8 42. Kf3 Ke7 43. Ke4 Kd6 44. b3 b6 45. f3 g6 46.
fxg6 fxg6 47. f4 Ke6 48. b4 b5 49. d5+ Kd6 50. Kd4 Kd7 51. Kc5 Kc7 52. Kxb5 Kd6
53. Kc4 Kc7 54. Kc5 Kd7 55. b5 Kc7 56. b6+ Kb7 57. Kd6 Kxb6 58. Ke7 Kc7 59. d6+
Kc8 60. d7+ Kb7 61. d8=Q 1-0

[Event "?"]
[Site "?"]
[Date "2017.07.26"]
[Round "5.5"]
[White "Lesage, Margot"]
[Black "Stevenson, Neil"]
[Result "1-0"]
[WhiteElo "1282"]
[BlackElo "1088"]
[PlyCount "67"]
[EventDate "2017.07.28"]
[SourceDate "2017.07.28"]
[WhiteTeam "FRA"]
[BlackTeam "WLS"]

1. e4 e5 2. Nf3 d6 3. d4 f5 4. dxe5 fxe4 5. Ng5 d5 6. Nc3 c6 7. h4 Bc5 8. Ncxe4
dxe4 9. Qxd8+ Kxd8 10. Nf7+ Kc7 11. Nxh8 Be6 12. Bf4 Nd7 13. Nf7 Rf8 14. Ng5
Bd5 15. Bg3 h6 16. c4 hxg5 17. cxd5 Kb6 18. dxc6 Kxc6 19. hxg5 e3 20. f3 Ne7
21. a4 a6 22. Rc1 Kb6 23. e6 Nf5 24. exd7 Nxg3 25. a5+ Kc6 26. Rh3 Nf5 27. b4
Kxd7 28. Rxc5 Rc8 29. Rxf5 Rc1+ 30. Ke2 Rc4 31. Kxe3 Rxb4 32. Rf7+ Ke6 33. Rxg7
Ra4 34. Rh6+ 1-0